| 000 | 00692nam a2200229Ia 4500 | ||
|---|---|---|---|
| 003 | GCL | ||
| 008 | 140319s9999 xx 000 0 ara d | ||
| 040 |
_aGCL / _cGCL |
||
| 082 | 0 | 4 |
_aط _b581.07 _bز م |
| 100 | 1 | _aزهيد الكرمى | |
| 245 | 1 | 0 |
_aالاطلس العلمى: عالم النبات / _cزهيد الكرمى |
| 700 | 1 | _aمحمد سعيد | |
| 700 | 1 | _aعصام المياسى (مراجع) | |
| 700 | 1 | _aحافظ قبيسى | |
| 260 |
_a[S.N] : _bدار الكتاب المصرى |
||
| 300 | _a88 ص | ||
| 490 |
_aالاطالس العلمية _v0 |
||
| 650 | 0 | 4 | _aعلم النبات |
| 650 | 0 | 4 | _aالاطفال |
| 650 | 0 | 4 | _aالنباتات |
| 942 |
_2ddc _cBK |
||
| 999 |
_c56451 _d56451 |
||